000 00626cam1a220020500 4500
001 tmp15332178
003 UPRA
005 20190816105433.0
008 950731s1893 enk eng u
035 _a(Sirsi) r83248
035 _a(UPRA)tmp15332178
040 _cUPRA
100 1 _aWait, W. O.
_6A43149.1
245 1 0 _aRugby, past and present :
_bwith an historical account of neighbouring parishes.
260 _aRugby :
_bAlbert Frost,
_c1893.
650 0 _aPublic schools, Endowed (Great Britain)
_6S33119.1
650 0 _aRugby school.
_6S34133.1
949 _aLF795
_wlcc
_i-115597
_mMAIN
_tBOOK
_lON-SHELF
004 83248
999 _c89802
_d89802